000
00288nam a2200121 a 4500
005
20141022142002.0
008
080930s19uu xx 00 eng d
050
_a
AVM
245
_a
Economics for the consumer.
650
_a
VCD.
650
_a
Economics for the consumer.
942
_c
AVM
999
_c
276309
_d
276309